|
|
|
|
| LEADER |
00000nab a2200000 ar4500 |
| 001 |
vtls009006155 |
| 003 |
SK-MaSNL |
| 005 |
20260303065729.0 |
| 008 |
070710c2007 xo wr|p|||||||000 b|slo |
| 015 |
|
|
|a SNBRB2007/07
|2 snkbucl
|
| 038 |
|
|
|a SNKBUCL
|
| 040 |
|
|
|a SNKBUCL
|b slo
|c SNKBUCL
|e AACR2
|
| 041 |
|
|
|a slo
|
| 044 |
|
|
|a xo
|c SK
|
| 080 |
|
|
|a 792.071.2
|2 1997
|
| 100 |
1 |
|
|a Majerová, Jana
|4 aut
|9 485991
|
| 245 |
1 |
0 |
|a Feťák v base
|c Jana Majerová, Martin Havran
|
| 300 |
|
|
|b Fotogr.
|
| 600 |
1 |
7 |
|a Cinkota, Dušan,
|d 1970-
|2 snkbucl
|9 107041
|
| 650 |
0 |
7 |
|a drogová závislosť
|2 snkbucl
|9 1551
|
| 650 |
0 |
7 |
|a drogy
|2 snkbucl
|9 1552
|
| 700 |
1 |
|
|a Havran, Martin
|4 aut
|9 687902
|
| 773 |
0 |
|
|t Plus 7 dní
|g Roč. XVII, č. 23 (2007), s. 8-10
|x 1210-2040
|
| 852 |
|
|
|a SNK
|b KIS3GCP
|
| 958 |
|
|
|a BX
|
| 999 |
|
|
|c 1752396
|d 1754326
|